00270nam a2200097 a 450000500170000000800410001705000190005824500590007765000080013665000280014420141022142000.0080930s19uu xx 00 eng d aVHSbMO17 2003 aStandford executive briefings: value based leadership. aVHS aValue based leadership.